| 000 | 00709cab a2200205 4500 | ||
|---|---|---|---|
| 001 | WB3419-01 | ||
| 008 | 090401t1998 xxu||||| |||| 00| 0 eng d | ||
| 035 | _a(Sirsi) u86362 | ||
| 041 | _aeng | ||
| 245 | _aCIB to demonstrate `lean construction` | ||
| 260 | _c1998 | ||
| 350 | _a0 | ||
| 490 |
_aContract Journal _v393(6176) 20 May 1998, 3(1) |
||
| 520 | _aThe Construction Industry Board has been asked by Sir John Egan`s productivity task force to find demonstration projects illustrating how lean construction concepts can boost industrial performance. | ||
| 650 | _aCONSTRUCTION INDUSTRY BOARD | ||
| 650 | _aLEAN CONSTRUCTION | ||
| 690 | _aBUILT ENVIRONMENT | ||
| 942 | _n0 | ||
| 948 | _c21/05/1998 | ||
| 999 |
_c54352 _d54352 |
||